000 00749aam a2200265 4500
005 20260324185222.0
008 150603b2017 xxu||||| |||| 00| 0 spa d
020 _a9789977136523
041 _aESP
082 _a364.36 C198d
100 _aCampos Zúñiga, Mayra
_944179
245 _aDerecho Penal Juvenil Costarricense
260 _aCosta Rica
260 _bInvestigaciones Jurídicas
260 _c2017
300 _a437 páginas
490 _aInvestigación Criminal
650 _aDERECHO PENAL DE MENORES
650 _aDELINCUENCIA JUVENIL
650 _aLEY DE JUSTICIA PENAL JUVENIL
650 _aPROCEDIMIENTO PENAL JUVENIL
650 _aLEGISLACIÓN
650 _aADMINISTRACIÓN DE JUSTICIA DE MENORES
942 _cBK
_2ddc
999 _c9849
_d9849